[Event "2022 John Brooke Cup"]
[Site "Woodvale, Perth WA AUS"]
[Date "2022.08.31"]
[Round "4"]
[White "Browning, Thomas"]
[Black "Overste, Brian"]
[Result "1-0"]
[EventDate "2022.08.10"]
[EventType "swiss"]
[EventRounds "7"]
[EventCountry "AUS"]
[TimeControl "3600+30"]
[WhiteElo "1496"]
[BlackElo "898"]
[PlyCount "93"]

1. d4 d5 2. c4 g6 3. Nf3 Bg7 4. Bg5 h6 5. Bh4 g5 6. Bg3 Nc6 7. e3 Bf5 8. Nc3 e6
9. Nb5 Rc8 10. Bd3 a6 11. Bxf5 axb5 12. cxb5 Nxd4 13. Nxd4 exf5 14. O-O h5 15.
Nxf5 Bxb2 16. Rb1 Bf6 17. f4 g4 18. Qb3 Qd7 19. Nh4 Ne7 20. Rbd1 c5 21. bxc6
bxc6 22. e4 Qa7+ 23. Bf2 Qc7 24. e5 Bxh4 25. Bxh4 Nf5 26. Bg5 Qa7+ 27. Kh1 Ne3
28. Qb2 Rb8 29. Qf2 Qa3 30. Rde1 Nxf1 31. Qxf1 Qxa2 32. f5 Rg8 33. Bh4 Rb4 34.
e6 Re4 35. Ra1 Ra4 36. Rxa2 Rxa2 37. Qb1 Ra8 38. g3 fxe6 39. fxe6 Rf8 40. Kg2
Rg8 41. Kg1 Rg7 42. Kf2 Kf8 43. e7+ Kg8 44. Ke3 Ra3+ 45. Kd4 c5+ 46. Kxd5 Ra5
47. e8=Q# 1-0

[Event "2022 John Brooke Cup"]
[Site "Woodvale, Perth WA AUS"]
[Date "2022.08.31"]
[Round "4"]
[White "Kwenda, Ridge"]
[Black "Boswarva, Ernest"]
[Result "0-1"]
[EventDate "2022.08.10"]
[EventType "swiss"]
[EventRounds "7"]
[EventCountry "AUS"]
[TimeControl "3600+30"]
[WhiteElo "969"]
[BlackElo "1506"]
[PlyCount "68"]

1. e4 d5 2. exd5 Nf6 3. c4 e6 4. dxe6 Bxe6 5. Nf3 Qe7 6. Be2 Bxc4 7. O-O Bxe2
8. Qa4+ b5 9. Qb3 Bxf1 10. Kxf1 Qc5 11. Nc3 Qc4+ 12. Qxc4 bxc4 13. Ne5 Bd6 14.
Nxc4 O-O 15. d4 Nc6 16. Be3 Rab8 17. d5 Nb4 18. Bxa7 Rb7 19. Be3 Nbxd5 20. Nxd5
Nxd5 21. Bd4 Nb4 22. a3 Nc2 23. Rd1 Nxd4 24. Rxd4 Re8 25. b4 Be5 26. Re4 f6 27.
f4 Rb5 28. fxe5 fxe5 29. g4 Rd5 30. Re3 e4 31. Re2 Rd4 32. Nd2 e3 33. Nf3 Rxg4
34. Rc2 Rf8 0-1

[Event "2022 John Brooke Cup"]
[Site "Woodvale, Perth WA AUS"]
[Date "2022.08.31"]
[Round "4"]
[White "Rennie, Mike"]
[Black "Markou, Victor"]
[Result "1-0"]
[EventDate "2022.08.10"]
[EventType "swiss"]
[EventRounds "7"]
[EventCountry "AUS"]
[TimeControl "3600+30"]
[WhiteElo "880"]
[BlackElo "1117"]
[PlyCount "71"]

1. e4 e5 2. d3 Nf6 3. Be2 g6 4. Nf3 d6 5. O-O Bg7 6. b3 O-O 7. Bd2 Re8 8. Nc3
Nbd7 9. Nd5 Nxd5 10. exd5 Nf6 11. c4 e4 12. Ng5 exd3 13. Bxd3 Bd7 14. f3 h6 15.
Ne4 Nxe4 16. Bxe4 Bxa1 17. Qxa1 Qe7 18. Bxh6 Qe5 19. Qd1 Qd4+ 20. Kh1 Kh7 21.
Qd2 Re7 22. Qg5 Qe5 23. Qh4 Kg8 24. Bf4 Qg7 25. Qxe7 Be8 26. Qxc7 f6 27. Qxd6
Qf8 28. Qe6+ Qf7 29. Qh3 Bd7 30. g4 Qh7 31. Bh6 Kf7 32. d6 f5 33. Bd5+ Be6 34.
Bxe6+ Kxe6 35. gxf5+ Kxd6 36. Bf4+ 1-0

[Event "2022 John Brooke Cup"]
[Site "Woodvale, Perth WA AUS"]
[Date "2022.08.31"]
[Round "4"]
[White "De Vas, Senudi"]
[Black "Gough, Sebastian"]
[Result "1/2-1/2"]
[EventDate "2022.08.10"]
[EventType "swiss"]
[EventRounds "7"]
[EventCountry "AUS"]
[TimeControl "3600+30"]
[WhiteElo "1050"]
[BlackElo "1050"]
[PlyCount "110"]

1. d4 Nf6 2. c4 d5 3. e3 Bf5 4. Nf3 e6 5. cxd5 exd5 6. Bd3 Bxd3 7. Qxd3 Bb4+ 8.
Bd2 Bxd2+ 9. Nbxd2 O-O 10. O-O Nbd7 11. Rfe1 c6 12. e4 dxe4 13. Nxe4 Nxe4 14.
Rxe4 Re8 15. Rh4 h6 16. Re4 Rxe4 17. Qxe4 Qe8 18. Qxe8+ Rxe8 19. Re1 Rxe1+ 20.
Nxe1 b5 21. Nd3 Nb8 22. Nc5 a6 23. a3 Kf8 24. Kf1 Ke7 25. Ke2 Kd6 26. b4 Kd5
27. Kd3 f5 28. f4 g5 29. g3 gxf4 30. gxf4 Kd6 31. a4 Kd5 32. axb5 axb5 33. Kc3
Kd6 34. Nb7+ Kd5 35. Nd8 Nd7 36. Nf7 h5 37. Nh6 Nf6 38. Nxf5 Ne4+ 39. Kc2 Nf6
40. Kd3 Ng4 41. h4 Nf2+ 42. Ke2 Ne4 43. Ng7 Nf6 44. Kd3 Kd6 45. Nf5+ Kd5 46.
Ne3+ Kd6 47. Kc3 Nd5+ 48. Nxd5 cxd5 49. Kd3 Ke6 50. Ke3 Kf5 51. Kf3 Ke6 52. Kg3
Kf5 53. Kf3 Ke6 54. Ke3 Kf5 55. Kf3 Ke6 1/2-1/2

[Event "2022 Wolfgang Leonhardt Cup"]
[Site "Woodvale, Perth WA AUS"]
[Date "2022.09.07"]
[Round "5"]
[White "De Vas, Saminda"]
[Black "Gibson, Jacob"]
[Result "0-1"]
[EventDate "2022.08.10"]
[EventType "swiss"]
[EventRounds "7"]
[EventCountry "AUS"]
[TimeControl "3600+30"]
[WhiteElo "2031"]
[BlackElo "1864"]
[PlyCount "70"]

1. d4 d5 2. c4 e6 3. Nc3 c6 4. cxd5 exd5 5. Bf4 Nf6 6. Nf3 Bd6 7. Bxd6 Qxd6 8.
e3 Bf5 9. Bd3 Bg6 10. Ne5 Nbd7 11. Nxg6 hxg6 12. h3 g5 13. Be2 O-O-O 14. a3 Kb8
15. b4 Ne4 16. Nxe4 dxe4 17. b5 cxb5 18. Bxb5 f5 19. Qb3 g4 20. Rc1 g3 21. O-O
g5 22. fxg3 Qxg3 23. Rxf5 Nb6 24. Kf1 Rxh3 25. gxh3 Qxh3+ 26. Ke2 Qxf5 27. Rf1
Qg4+ 28. Kd2 Qg2+ 29. Be2 Qh3 30. Qf7 Nd5 31. Qf2 a6 32. Rg1 Rg8 33. Rg3 Qc8
34. Qf7 Qc3+ 35. Kd1 Rc8 0-1

[Event "2022 Wolfgang Leonhardt Cup"]
[Site "Woodvale, Perth WA AUS"]
[Date "2022.09.07"]
[Round "5"]
[White "Maggs, Derwent"]
[Black "Stortz, Robert"]
[Result "1-0"]
[EventDate "2022.08.10"]
[EventType "swiss"]
[EventRounds "7"]
[EventCountry "AUS"]
[TimeControl "3600+30"]
[WhiteElo "2340"]
[BlackElo "1871"]
[PlyCount "91"]

1. d4 d5 2. c4 e6 3. Nc3 Nf6 4. cxd5 exd5 5. Bg5 c6 6. Qc2 Nbd7 7. e3 Qa5 8.
Bd3 h6 9. Bh4 Be7 10. Nge2 O-O 11. O-O Re8 12. a3 Qd8 13. Rfe1 Nh5 14. Bxe7
Rxe7 15. b4 a6 16. Nc1 Nf4 17. Bf1 Nf6 18. Nb3 Ne6 19. Rad1 Ng5 20. f3 Qe8 21.
Qf2 Bf5 22. Bd3 Bxd3 23. Rxd3 Nd7 24. h4 Nh7 25. e4 dxe4 26. fxe4 f6 27. Na5
Rb8 28. Rg3 Qf7 29. Qf4 Qe8 30. Qxh6 Kh8 31. Qf4 Ndf8 32. Qg4 Rd8 33. Rd1 Qd7
34. Qf3 Qc7 35. Nb3 Red7 36. d5 cxd5 37. Rxd5 Rxd5 38. Nxd5 Qe5 39. Nc5 Qa1+
40. Kh2 Nd7 41. Ne6 Ne5 42. Qh5 Rg8 43. Nxf6 gxf6 44. Rxg8+ Kxg8 45. Qe8+ Nf8
46. Qxf8+ 1-0

[Event "2022 Wolfgang Leonhardt Cup"]
[Site "Woodvale, Perth WA AUS"]
[Date "2022.09.07"]
[Round "5"]
[White "Maris, Rob"]
[Black "Oswald, Franz"]
[Result "1-0"]
[EventDate "2022.08.10"]
[EventType "swiss"]
[EventRounds "7"]
[EventCountry "AUS"]
[TimeControl "3600+30"]
[WhiteElo "2072"]
[BlackElo "1551"]
[PlyCount "37"]

1. c4 Nf6 2. Nf3 e6 3. g3 b6 4. Bg2 Bb7 5. O-O Be7 6. d4 O-O 7. b3 d6 8. Bb2 c5
9. Nbd2 Qc7 10. Qb1 d5 11. Rc1 Ne4 12. cxd5 Nxd2 13. Nxd2 exd5 14. e4 Qd7 15.
dxc5 Bxc5 16. exd5 Bxd5 17. Ne4 Be7 18. Rd1 Qb5 19. Nc3 1-0

[Event "2022 Wolfgang Leonhardt Cup"]
[Site "Woodvale, Perth WA AUS"]
[Date "2022.09.07"]
[Round "5"]
[White "Garang, Kuol Awan"]
[Black "Hernandez Mendez, Iker"]
[Result "0-1"]
[EventDate "2022.08.10"]
[EventType "swiss"]
[EventRounds "7"]
[EventCountry "AUS"]
[TimeControl "3600+30"]
[WhiteElo "1645"]
[BlackElo "1826"]
[PlyCount "78"]

1. e4 c5 2. Bc4 e6 3. Nc3 a6 4. a3 b5 5. Ba2 Bb7 6. d3 Nf6 7. Nf3 d5 8. e5 Nfd7
9. O-O Nc6 10. Bf4 Qb6 11. Bxd5 exd5 12. Nxd5 Qd8 13. e6 Nde5 14. exf7+ Kxf7
15. Nxe5+ Nxe5 16. Qh5+ g6 17. Qxe5 Qxd5 18. Qc7+ Be7 19. f3 Rac8 20. Qe5 Bf6
21. Qxd5+ Bxd5 22. c3 Bb3 23. Rfe1 Bc2 24. Re3 Rhe8 25. Kf2 Rcd8 26. Rae1 Bxd3
27. Bc7 Rxe3 28. Rxe3 Rd5 29. f4 Bc4 30. b4 Rd2+ 31. Kg3 cxb4 32. axb4 Rd3 33.
Rxd3 Bxd3 34. Be5 Bxe5 35. fxe5 Be4 36. Kf4 Bxg2 37. h4 h6 38. Ke3 Ke6 39. Kd4
Bd5 0-1

[Event "2022 Wolfgang Leonhardt Cup"]
[Site "Woodvale, Perth WA AUS"]
[Date "2022.09.07"]
[Round "5"]
[White "Clarke, Daniel"]
[Black "Doshi, Chirag"]
[Result "0-1"]
[EventDate "2022.08.10"]
[EventType "swiss"]
[EventRounds "7"]
[EventCountry "AUS"]
[TimeControl "3600+30"]
[WhiteElo "1784"]
[BlackElo "1825"]
[PlyCount "106"]

1. e4 c6 2. d4 d5 3. f3 e6 4. Nc3 Bd6 5. Be3 Ne7 6. e5 Bc7 7. f4 O-O 8. Bd3 b6
9. Nf3 h6 10. Qe2 a5 11. g4 Ba6 12. O-O-O Bxd3 13. Qxd3 Nd7 14. f5 c5 15. f6
Ng6 16. fxg7 Kxg7 17. Rde1 cxd4 18. Bxd4 Qb8 19. Qe3 b5 20. g5 h5 21. Nxd5 exd5
22. e6+ Nde5 23. Nxe5 Nxe5 24. Bxe5+ Bxe5 25. Qxe5+ Qxe5 26. Rxe5 fxe6 27. Rxe6
Rf2 28. Rd6 Rc8 29. c3 b4 30. Rxd5 bxc3 31. bxc3 Rxa2 32. Kb1 Ra3 33. Rd3 Raxc3
34. Rxc3 Rxc3 35. Kb2 Rh3 36. Ra1 Rxh2+ 37. Kc3 Re2 38. Rxa5 Kg6 39. Kd3 Re1
40. Kd2 Re8 41. Kd1 h4 42. Ra6+ Kxg5 43. Ra5+ Kg4 44. Ra4+ Kg3 45. Ra3+ Kg2 46.
Ra2+ Kg1 47. Ra7 Rg8 48. Rh7 Rg4 49. Ke2 Kg2 50. Ke3 h3 51. Rf7 h2 52. Rf2+ Kg1
53. Ke2 Re4+ 0-1

[Event "2022 Wolfgang Leonhardt Cup"]
[Site "Woodvale, Perth WA AUS"]
[Date "2022.09.07"]
[Round "5"]
[White "Saxon, Marc"]
[Black "De Vas, Yonal"]
[Result "1-0"]
[EventDate "2022.08.10"]
[EventType "swiss"]
[EventRounds "7"]
[EventCountry "AUS"]
[TimeControl "3600+30"]
[WhiteElo "2015"]
[BlackElo "1523"]
[PlyCount "31"]

1. e4 c5 2. Nf3 Nc6 3. d4 cxd4 4. Nxd4 g6 5. Nc3 Bg7 6. Be3 Nf6 7. f3 Qb6 8.
Na4 Qa5+ 9. c3 Nxd4 10. Bxd4 b5 11. Nc5 b4 12. a3 bxc3 13. b4 Qc7 14. Rc1 O-O
15. Rxc3 e5 16. Nd3 1-0

[Event "2022 Wolfgang Leonhardt Cup"]
[Site "Woodvale, Perth WA AUS"]
[Date "2022.09.07"]
[Round "5"]
[White "List, Ross"]
[Black "Janceski, Alex"]
[Result "1/2-1/2"]
[EventDate "2022.08.10"]
[EventType "swiss"]
[EventRounds "7"]
[EventCountry "AUS"]
[TimeControl "3600+30"]
[WhiteElo "1755"]
[BlackElo "1930"]
[PlyCount "61"]

1. d4 d5 2. c4 e6 3. Nc3 Nf6 4. cxd5 exd5 5. Bg5 Nbd7 6. e3 c6 7. Bd3 Be7 8.
Qc2 h6 9. Bh4 O-O 10. Nge2 Re8 11. O-O Bd6 12. Kh1 Qc7 13. Bg3 a6 14. Rac1 Nf8
15. Na4 Bg4 16. Bxd6 Qxd6 17. Nc5 Rab8 18. Nc3 Bh5 19. h3 Bg6 20. Ne2 Bxd3 21.
Qxd3 N8d7 22. b4 Nb6 23. a4 Nc4 24. a5 Nd7 25. e4 Nxc5 26. dxc5 Qe5 27. exd5
cxd5 28. Ng1 Nb2 29. Qd2 Nc4 30. Qd3 Nb2 31. Qd2 1/2-1/2

[Event "2022 Wolfgang Leonhardt Cup"]
[Site "Woodvale, Perth WA AUS"]
[Date "2022.09.07"]
[Round "5"]
[White "Gough, Dylan"]
[Black "Hintz, Steven"]
[Result "1-0"]
[EventDate "2022.08.10"]
[EventType "swiss"]
[EventRounds "7"]
[EventCountry "AUS"]
[TimeControl "3600+30"]
[WhiteElo "1710"]
[BlackElo "1572"]
[PlyCount "69"]

1. d4 Nf6 2. c4 g6 3. Nc3 Bg7 4. Nf3 O-O 5. e3 d6 6. Be2 Nbd7 7. O-O c5 8. d5
Nb6 9. Qc2 Nfd7 10. b3 Ne5 11. Nxe5 Bxe5 12. Bb2 Nd7 13. f4 Bg7 14. Bd3 a6 15.
Rae1 Re8 16. Rf3 f5 17. e4 fxe4 18. Nxe4 Nf6 19. Ng5 Ng4 20. Ne6 Bxe6 21. Rxe6
Bxb2 22. Qxb2 Nf6 23. f5 g5 24. Qd2 g4 25. Rg3 Kf7 26. Qe2 h5 27. Rge3 Nd7 28.
h3 Ne5 29. hxg4 hxg4 30. R3xe5 dxe5 31. Qxg4 Rh8 32. Qg6+ Kf8 33. f6 exf6 34.
Rxf6+ Ke7 35. Qf7# 1-0

[Event "2022 John Brooke Cup"]
[Site "Woodvale, Perth WA AUS"]
[Date "2022.09.07"]
[Round "5"]
[White "Massam, Justin"]
[Black "Browning, Thomas"]
[Result "0-1"]
[EventDate "2022.08.10"]
[EventType "swiss"]
[EventRounds "7"]
[EventCountry "AUS"]
[TimeControl "3600+30"]
[WhiteElo "1442"]
[BlackElo "1496"]
[PlyCount "70"]

1. d4 d5 2. Nf3 Nf6 3. Bf4 c5 4. dxc5 e6 5. Nbd2 Bxc5 6. Nb3 Bb6 7. e3 O-O 8.
Bd3 Nc6 9. c3 Re8 10. Bc2 e5 11. Bg5 Bg4 12. h3 Bxf3 13. Qxf3 e4 14. Bxf6 exf3
15. Bxd8 Raxd8 16. gxf3 d4 17. Nxd4 Nxd4 18. cxd4 Rxd4 19. Be4 Ba5+ 20. Ke2
Rd2+ 21. Kf1 Rc8 22. b3 g6 23. Rg1 f5 24. Bxf5 Rc5 25. Be6+ Kg7 26. Kg2 Re5 27.
Bc4 Rxe3 28. Rgd1 Rb2 29. Rd7+ Kf6 30. a4 Re5 31. Rd5 Bb6 32. Rxe5 Kxe5 33.
Re1+ Kf6 34. Kg3 Bxf2+ 35. Kf4 Bxe1 0-1

[Event "2022 John Brooke Cup"]
[Site "Woodvale, Perth WA AUS"]
[Date "2022.09.07"]
[Round "5"]
[White "Watson, Jake"]
[Black "Brooke, John"]
[Result "1/2-1/2"]
[EventDate "2022.08.10"]
[EventType "swiss"]
[EventRounds "7"]
[EventCountry "AUS"]
[TimeControl "3600+30"]
[WhiteElo "1085"]
[BlackElo "1346"]
[PlyCount "120"]

1. e4 e5 2. Nf3 Nc6 3. c3 Bc5 4. d4 exd4 5. cxd4 Bb4+ 6. Nc3 a6 7. Bc4 b5 8.
Bb3 h6 9. O-O Bb7 10. Nd5 Nge7 11. Bf4 Ba5 12. a4 Bb6 13. Nxb6 cxb6 14. d5 Na5
15. Ba2 d6 16. Qd4 O-O 17. e5 Ng6 18. exd6 Nxf4 19. Qxf4 Nc4 20. Bxc4 bxc4 21.
Rad1 b5 22. Rfe1 Qf6 23. Qxf6 gxf6 24. Re7 Rab8 25. d7 Rbd8 26. d6 Bc6 27. Nd4
Bxd7 28. Rde1 Kg7 29. R1e3 b4 30. Rg3+ Kh7 31. Re4 Rde8 32. Re7 Rd8 33. Rf3 Kg6
34. g4 Rfe8 35. Nf5 Bxf5 36. Rxe8 Rxe8 37. gxf5+ Kh7 38. Rf4 Rd8 39. Rd4 a5 40.
Kg2 c3 41. bxc3 bxc3 42. Rd1 c2 43. Rc1 Rxd6 44. Rxc2 Rd5 45. Rc7 Kg7 46. Rb7
Rxf5 47. Rb5 Rg5+ 48. Kf3 Kf8 49. h4 Re5 50. Kf4 Ke7 51. Rxe5+ fxe5+ 52. Kxe5
f6+ 53. Kd5 h5 54. Kc5 Ke6 55. Kb5 Kd6 56. Kxa5 Kc6 57. Ka6 f5 58. Ka7 Kc7 59.
a5 f4 60. a6 f3 1/2-1/2

[Event "2022 John Brooke Cup"]
[Site "Woodvale, Perth WA AUS"]
[Date "2022.09.07"]
[Round "5"]
[White "Powell, Darren"]
[Black "Hounsome, David"]
[Result "1/2-1/2"]
[EventDate "2022.08.10"]
[EventType "swiss"]
[EventRounds "7"]
[EventCountry "AUS"]
[TimeControl "3600+30"]
[WhiteElo "1232"]
[BlackElo "1334"]
[PlyCount "96"]

1. e4 e6 2. Nf3 d5 3. e5 c5 4. Bb5+ Bd7 5. Be2 Ne7 6. b3 Nbc6 7. Bb2 Ng6 8. O-O
d4 9. c3 Ngxe5 10. Nxe5 Nxe5 11. cxd4 cxd4 12. Bxd4 Qc7 13. d3 Bc5 14. Bb2 O-O
15. d4 Bxd4 16. Qxd4 f6 17. Ba3 Rfd8 18. Be7 Re8 19. Bd6 Qa5 20. Bb4 Qd5 21.
Qxd5 exd5 22. Nc3 Bc6 23. Rad1 Rad8 24. Rfe1 a6 25. f4 Ng6 26. Ba5 Rd7 27. Bg4
Rde7 28. Rxe7 Rxe7 29. Nxd5 Re4 30. Bf3 Re8 31. Bb4 Kh8 32. Bh5 Rd8 33. Bf3 b5
34. Ba5 Rd7 35. Bg4 Rxd5 36. Rxd5 Bxd5 37. f5 Ne5 38. Be2 Be4 39. g4 Nd3 40. a4
bxa4 41. Bxd3 Bxd3 42. bxa4 Bc2 43. Kf2 Bxa4 44. Ke3 g6 45. Kf4 g5+ 46. Kg3 Kg7
47. h4 Bd1 48. Bc3 h6 1/2-1/2

[Event "2022 John Brooke Cup"]
[Site "Woodvale, Perth WA AUS"]
[Date "2022.09.07"]
[Round "5"]
[White "Boswarva, Ernest"]
[Black "Rennie, Mike"]
[Result "1-0"]
[EventDate "2022.08.10"]
[EventType "swiss"]
[EventRounds "7"]
[EventCountry "AUS"]
[TimeControl "3600+30"]
[WhiteElo "1506"]
[BlackElo "880"]
[PlyCount "69"]

1. d4 d5 2. c4 e6 3. Nc3 Bb4 4. Qc2 Nc6 5. e3 Nge7 6. a3 Bxc3+ 7. bxc3 O-O 8.
Nf3 Na5 9. cxd5 exd5 10. Bd3 g6 11. O-O Bf5 12. e4 Bg4 13. Ne5 dxe4 14. Nxg4
exd3 15. Nh6+ Kh8 16. Qxd3 f5 17. Bg5 c6 18. Rfe1 Nb3 19. Bxe7 Qd5 20. Bxf8
Nxa1 21. c4 Qa5 22. Bb4 Qc7 23. d5 a5 24. Bc3+ Qg7 25. Bxg7+ Kxg7 26. Nxf5+
gxf5 27. Rxa1 cxd5 28. cxd5 Rf8 29. Re1 Kg8 30. d6 Rd8 31. Qd5+ Kg7 32. Re7+
Kg6 33. f4 Rc8 34. Qf7+ Kh6 35. Qxh7# 1-0

[Event "2022 John Brooke Cup"]
[Site "Woodvale, Perth WA AUS"]
[Date "2022.09.07"]
[Round "5"]
[White "Lanham, Bruce"]
[Black "De Vas, Senudi"]
[Result "0-1"]
[EventDate "2022.08.10"]
[EventType "swiss"]
[EventRounds "7"]
[EventCountry "AUS"]
[TimeControl "3600+30"]
[WhiteElo "1168"]
[BlackElo "1050"]
[PlyCount "66"]

1. d4 d5 2. Nf3 e6 3. g3 Nf6 4. Bg2 Bd6 5. O-O O-O 6. c4 dxc4 7. Nc3 Nbd7 8.
Nd2 Nb6 9. e4 e5 10. d5 c6 11. dxc6 bxc6 12. Re1 Bb7 13. Qe2 Ba6 14. Qd1 Bb4
15. a3 Bxc3 16. bxc3 Qd7 17. Bb2 Rad8 18. Nf3 Qxd1 19. Raxd1 Rxd1 20. Rxd1 Na4
21. Ba1 Nxe4 22. Nxe5 Naxc3 23. Bxc3 Nxc3 24. Rd7 Ne2+ 25. Kf1 c3 26. Nd3 c2
27. Ke1 Bxd3 28. Rxd3 c1=Q+ 29. Rd1 Qxa3 30. Kxe2 Re8+ 31. Kf1 Qa6+ 32. Kg1 c5
33. Bf1 Qa5 0-1

[Event "2022 Wolfgang Leonhardt Cup"]
[Site "Woodvale, Perth WA AUS"]
[Date "2022.09.14"]
[Round "6"]
[White "Maggs, Derwent"]
[Black "Hernandez Mendez, Iker"]
[Result "0-1"]
[EventDate "2022.08.10"]
[EventType "swiss"]
[EventRounds "7"]
[EventCountry "AUS"]
[TimeControl "3600+30"]
[WhiteElo "2340"]
[BlackElo "1826"]
[PlyCount "90"]

1. e4 c5 2. c3 d5 3. exd5 Qxd5 4. d4 Nc6 5. Nf3 Bg4 6. Be2 e6 7. h3 Bh5 8. a3
Nge7 9. O-O cxd4 10. cxd4 Bxf3 11. Bxf3 Qxd4 12. Qb3 Qb6 13. Qxb6 axb6 14. Be3
b5 15. Nc3 Nf5 16. Nxb5 Nxe3 17. fxe3 Rc8 18. Rac1 Be7 19. Nd4 Bf6 20. b4 Bxd4
21. exd4 Ke7 22. Bxc6 Rxc6 23. Rxc6 bxc6 24. Kf2 Kd6 25. Ke3 f6 26. a4 Rb8 27.
Rb1 Kd5 28. Kd3 e5 29. dxe5 fxe5 30. Kc3 Ra8 31. Rd1+ Ke4 32. a5 c5 33. bxc5
Rxa5 34. Kc4 Ra2 35. Rc1 Ra4+ 36. Kb5 Ra8 37. Kc6 Kd3 38. Kd7 e4 39. c6 Kd2 40.
Rb1 e3 41. c7 e2 42. Rb2+ Kd1 43. Rb1+ Kc2 44. Rb8 Ra7 45. Re8 Kd2 0-1

[Event "2022 Wolfgang Leonhardt Cup"]
[Site "Woodvale, Perth WA AUS"]
[Date "2022.09.14"]
[Round "6"]
[White "Doshi, Chirag"]
[Black "De Vas, Saminda"]
[Result "0-1"]
[EventDate "2022.08.10"]
[EventType "swiss"]
[EventRounds "7"]
[EventCountry "AUS"]
[TimeControl "3600+30"]
[WhiteElo "1825"]
[BlackElo "2031"]
[PlyCount "131"]

1. e4 c5 2. Nf3 Nc6 3. d4 cxd4 4. Nxd4 g6 5. c3 Bg7 6. Be3 Nf6 7. Nd2 O-O 8. f3
d5 9. Nxc6 bxc6 10. e5 Nd7 11. f4 f6 12. exf6 Bxf6 13. Bd3 e5 14. O-O e4 15.
Be2 Qe7 16. Nb3 Bb7 17. Bg4 a5 18. Bxd7 Qxd7 19. Nc5 Qf7 20. f5 Bc8 21. fxg6
Qxg6 22. Qc2 Bg4 23. Kh1 Be5 24. Qd2 Qh5 25. Bf4 Bxf4 26. Rxf4 Rxf4 27. Qxf4
Rf8 28. Qg3 Qg6 29. a4 Bc8 30. Qxg6+ hxg6 31. Kg1 Kg7 32. Rf1 Bf5 33. h3 Rb8
34. g4 Bc8 35. Rf2 Rb6 36. b3 Ba6 37. g5 Bc8 38. Kg2 Bf5 39. h4 Rb8 40. h5 Re8
41. h6+ Kg8 42. Kg3 Kf7 43. Nb7 Ra8 44. Kf4 Ke6 45. Rh2 Rh8 46. Nxa5 Kd6 47.
Nb7+ Kc7 48. Nc5 Kd6 49. b4 d4 50. cxd4 Kd5 51. Ke3 Kc4 52. Rb2 Rd8 53. Nxe4
Re8 54. h7 Rxe4+ 55. Kf3 Rh4 56. b5 cxb5 57. axb5 Rxh7 58. b6 Rb7 59. Ke3 Re7+
60. Kf4 Bc8 61. b7 Bxb7 62. Rxb7 Rxb7 63. Ke5 Rf7 64. d5 Rf5+ 65. Ke6 Rxd5 66.
Kf6 0-1

[Event "2022 Wolfgang Leonhardt Cup"]
[Site "Woodvale, Perth WA AUS"]
[Date "2022.09.14"]
[Round "6"]
[White "Gibson, Jacob"]
[Black "Gough, Dylan"]
[Result "1-0"]
[EventDate "2022.08.10"]
[EventType "swiss"]
[EventRounds "7"]
[EventCountry "AUS"]
[TimeControl "3600+30"]
[WhiteElo "1864"]
[BlackElo "1710"]
[PlyCount "73"]

1. e4 e6 2. d4 d5 3. Nd2 c5 4. Ngf3 Nc6 5. c3 cxd4 6. cxd4 Bb4 7. e5 Nge7 8. a3
Bxd2+ 9. Bxd2 Qb6 10. Bc3 Bd7 11. Bd3 Ng6 12. g3 Nce7 13. a4 a6 14. h4 Nc6 15.
Rc1 Nb4 16. Bb1 Rc8 17. a5 Qxa5 18. Qd2 Qb6 19. Kf1 Bb5+ 20. Kg2 Nc6 21. h5
Nge7 22. Qg5 Be2 23. Nh4 Kd7 24. Rhe1 Bxh5 25. Qxh5 g6 26. Qg4 Rcf8 27. Qf4 Qd8
28. Nf3 h6 29. Nh2 Nc8 30. Ng4 f5 31. exf6 g5 32. Qf3 h5 33. Ne5+ Nxe5 34. dxe5
Qb6 35. Red1 Ne7 36. Bd4 Qa5 37. Qb3 1-0

[Event "2022 Wolfgang Leonhardt Cup"]
[Site "Woodvale, Perth WA AUS"]
[Date "2022.09.14"]
[Round "6"]
[White "Oswald, Franz"]
[Black "Saxon, Marc"]
[Result "0-1"]
[EventDate "2022.08.10"]
[EventType "swiss"]
[EventRounds "7"]
[EventCountry "AUS"]
[TimeControl "3600+30"]
[WhiteElo "1551"]
[BlackElo "2015"]
[PlyCount "60"]

1. d4 Nf6 2. c4 g6 3. Nc3 d5 4. Nf3 Bg7 5. Qb3 dxc4 6. Qxc4 Be6 7. Qa4+ Bd7 8.
Qb3 O-O 9. e4 c5 10. d5 Qc7 11. Be2 e6 12. dxe6 Bxe6 13. Bc4 Re8 14. O-O Nc6
15. Nb5 Qb8 16. Bxe6 Rxe6 17. Ng5 Re7 18. Re1 h6 19. Nh3 a6 20. Bf4 Qd8 21. Nc3
Nd4 22. Qd1 Qb6 23. Rb1 Rae8 24. e5 Qc6 25. Qd2 Nd5 26. Bxh6 Rxe5 27. Bxg7 Kxg7
28. Nxd5 Qxd5 29. Nf4 Nf3+ 30. gxf3 Qxd2 0-1

[Event "2022 Wolfgang Leonhardt Cup"]
[Site "Woodvale, Perth WA AUS"]
[Date "2022.09.14"]
[Round "6"]
[White "Garang, Kuol Awan"]
[Black "Clarke, Daniel"]
[Result "0-1"]
[EventDate "2022.08.10"]
[EventType "swiss"]
[EventRounds "7"]
[EventCountry "AUS"]
[TimeControl "3600+30"]
[WhiteElo "1645"]
[BlackElo "1784"]
[PlyCount "60"]

1. e4 e5 2. f4 exf4 3. Nf3 d5 4. exd5 Bg4 5. Be2 Bxf3 6. Bxf3 Qh4+ 7. Ke2 Nd7
8. Qe1 Qf6 9. c3 Bd6 10. Qf2 Ne7 11. Re1 O-O 12. d4 Nb6 13. Kf1 Nbxd5 14. a3 c6
15. c4 Ne3+ 16. Rxe3 fxe3 17. Bxe3 Nf5 18. Kg1 Rfe8 19. c5 Bxh2+ 20. Kxh2 Nxe3
21. Kg1 Qxd4 22. Nc3 Nc2 23. Rd1 Qxf2+ 24. Kxf2 Rad8 25. Rh1 Rd2+ 26. Kg3 Nd4
27. Ne4 Nxf3 28. gxf3 Rxb2 29. Rh5 Rb3 30. a4 Rxe4 0-1

[Event "2022 Wolfgang Leonhardt Cup"]
[Site "Woodvale, Perth WA AUS"]
[Date "2022.09.14"]
[Round "6"]
[White "De Vas, Yonal"]
[Black "List, Ross"]
[Result "1/2-1/2"]
[EventDate "2022.08.10"]
[EventType "swiss"]
[EventRounds "7"]
[EventCountry "AUS"]
[TimeControl "3600+30"]
[WhiteElo "1523"]
[BlackElo "1755"]
[PlyCount "55"]

1. d4 d5 2. c4 e6 3. Nc3 Nf6 4. Nf3 Nbd7 5. cxd5 exd5 6. Bf4 c6 7. a3 Be7 8. h3
O-O 9. e3 Re8 10. Rc1 Nf8 11. Bd3 Bd6 12. Bxd6 Qxd6 13. O-O Be6 14. Qc2 Ng6 15.
Rfe1 Ne7 16. e4 dxe4 17. Nxe4 Nxe4 18. Bxe4 g6 19. Ng5 Bd5 20. Bxd5 Nxd5 21.
Ne4 Qc7 22. Qb3 Qb6 23. Qxb6 axb6 24. Nd6 Rxe1+ 25. Rxe1 Rb8 26. Re8+ Rxe8 27.
Nxe8 Kf8 28. Nd6 1/2-1/2

[Event "2022 Wolfgang Leonhardt Cup"]
[Site "Woodvale, Perth WA AUS"]
[Date "2022.09.14"]
[Round "6"]
[White "Janceski, Alex"]
[Black "Hintz, Steven"]
[Result "1-0"]
[EventDate "2022.08.10"]
[EventType "swiss"]
[EventRounds "7"]
[EventCountry "AUS"]
[TimeControl "3600+30"]
[WhiteElo "1930"]
[BlackElo "1572"]
[PlyCount "63"]

1. d4 Nf6 2. c4 e6 3. a3 d5 4. e3 Be7 5. Nf3 O-O 6. Nbd2 Nbd7 7. b4 b6 8. Bb2
c5 9. dxc5 bxc5 10. b5 a6 11. a4 axb5 12. cxb5 Bb7 13. Be2 c4 14. Bc3 Qb6 15.
O-O Nc5 16. Qc2 Nfe4 17. Nxe4 Nxe4 18. Bd4 Bc5 19. Rfb1 Bxd4 20. Nxd4 e5 21.
Nf5 Nc5 22. Bf3 Rfe8 23. a5 Rxa5 24. Rxa5 Qxa5 25. Nd6 Rd8 26. Nxb7 Nxb7 27. e4
d4 28. Qxc4 Qb6 29. Qc6 Qxc6 30. bxc6 Nd6 31. c7 Rc8 32. Rb8 1-0